| 000 | 00757nam a2200193 4500 | ||
|---|---|---|---|
| 001 | 126812 | ||
| 003 | ES-MaACL | ||
| 005 | 20240510063116.0 | ||
| 007 | t| | ||
| 008 | 070214s1901 sp r ||||1| spa d | ||
| 100 | 1 |
_aRibalta, Aurelio, _d1864-1940 _996710 |
|
| 245 | 1 | 0 |
_aMis votos _b: traducción libre de la poesía gallega titulada Os meus votos / _cdel laureado poeta lírico D. Aurelio Ribalta y Copete ; hecha con permiso del autor por R. Robles. |
| 260 |
_aSantiago : _b[s.n.], _c1901 ( _fImp. y Lit. de José M. Paredes) |
||
| 300 |
_a27 p. ; _c18 cm. |
||
| 700 | 1 |
_aRobles Rodríguez, Ramón. _9143195 |
|
| 740 | 0 | _aOs meus votos. | |
| 852 |
_aES-MaACL _jT-1056-F-3 _z.- Dedicatoria autógrafa de R. Robles |
||
| 999 |
_c126812 _d126812 |
||